000
00374nam a22001337a 4500
020
_a
0195797965
082
_a
305.4095491
100
_a
Saeed, Fouzia, 1959-
245
_a
Taboo! : the hidden culture of a red light area
260
_a
New York
_b
Oxford University Press
_c
2002
300
_a
324p
942
_2
ddc
_c
BK
999
_c
586278
_d
586278